Kraje na eurowizji 2022. - Statystyki

Ogólne statystyki
  • Ten quiz został rozwiązany 49 razy
  • Średni wynik to 32 z 40
Statystyki odpowiedzi
Miejsce Finał/Półfinał Odpowiedź Piosenka Wykonawca Punkty finał punkty półfinał % Poprawnych
12 Finał Polska River Ochman 151 198
100%
1 Finał Ukraina Stefania Kalush orchestra 631 337
97%
3 Finał Hiszpania SloMo Chanel 459 --------------
95%
8 Finał Grecja Die together Amanda tenfjord 215 211
92%
25 Finał Niemcy Rockstars Malik harris 6 --------------
92%
10 Finał Norwegia Give that wolf a banana Subwoolfer 182 177
92%
9 Finał Portugalia Saudade Maro 207 208
92%
4 Finał Szwecja Hold me closer Cornelia jacobs 438 396
92%
2 Finał Wielka brytania Space man Sam ryder 466 --------------
92%
21 Finał Finlandia Jezebel The ramsus 38 162
89%
14 Finał Litwa Sentimentai Monika liu 128 159
89%
6 Finał Włochy Brividi Mahmood&Blanco 268 --------------
89%
36 Półfinał Austria Halo LUM!X feat.Pia maria ------------ 42
86%
22 Finał Czechy Lights off We are domi 38 227
86%
24 Finał Francja Fulenn Alvan&Ahlez 17 --------------
86%
11 Finał Holandia De diepte S10 171 229
86%
19 Finał Belgia Miss you Jeremie Makiese 64 151
84%
13 Finał Estonia Hope Stefan 141 209
84%
26 Półfinał Macedonia Circles Andrea ------------ 76
84%
18 Finał Rumunia Llamame WRS 65 118
84%
17 Finał Szwajcaria Boys do cry Marius bear 78 118
84%
30 Półfinał Albania Sekret Ronela hajati ------------ 58
81%
23 Finał Islandia Med haekkandi sól Systur 20 103
81%
31 Półfinał Łotwa Eat your salad Citi zeni ------------ 55
81%
33 Półfinał San marino Stripper Achille lauro ------------ 50
81%
40 Półfinał Słowenia Disko LPS ------------ 15
81%
34 Półfinał Irlandia That's rich Brooke ------------ 47
78%
7 Finał Mołdawia Trenuletul Zdob si zdub and fratii avhadov 253 154
78%
5 Finał Serbia In corpore sano Konstrakta 312 237
78%
27 Półfinał Chorwacja Guilty pleasure Mia dimsić ------------ 75
76%
32 Półfinał Dania The show Reddi ------------ 55
73%
38 Półfinał Bułgaria Intention Intelligent music project ------------ 29
70%
37 Półfinał Czarnogóra Breathe Vladana ------------ 33
68%
35 Półfinał Malta I am what I am Emma muscat ------------ 47
68%
20 Finał Armenia Snap Rosa linn 61 187
65%
15 Finał Australia Not the same Sheldon riley 125 243
65%
29 Półfinał Izrael I.M Michael ben david ------------ 61
65%
16 Finał Azerbejdżan Fade to black Nadir rustamli 106 96
62%
39 Półfinał Gruzja Lock me in Circus mircus ------------ 22
62%
28 Półfinał Cypr Ela Andromache ------------ 63
59%
Nie znaleziono quizów pasujących do podanych kryteriów
Rozkład punktacji
Procent ludzi z każdym wynikiem
Percentyl według liczby udzielonych odpowiedzi
Twoja historia wyników
Nie rozwiązałeś tego quizu